Calciatori con più presenza nella Juventus - Statistics

Statistiche generali
  • Questo quiz è stato fatto 379 volte
  • Il punteggio medio è 8 su 17
Statistiche sulle risposte
Presenze Calciatore % Corretto
703 Alessandro Del Piero
98%
683 Gianluigi Buffon
98%
561 Giorgio Chiellini
96%
476 Leonardo Bonucci
95%
473 DIno Zoff
60%
550 Gaetano Scirea
60%
461 Giampiero Boniperti
53%
482 Roberto Bettega
39%
439 Antonio Cabrini
36%
411 Claudio Gentile
31%
416 Antonio Conte
26%
528 Giuseppe Furino
20%
446 Franco Causio
17%
402 Alessio Tacchinardi
14%
432 Antonello Cuccureddu
7%
453 Sandro Salvadore
4%
400 Mario Varglien
1%
Nessun quiz corrispondente trovato
Distribuzione punteggi
Percentuale di utenti per punteggio
Percentile per numero di risposta
I tuoi punteggi nel tempo
Non hai fatto questo quiz